|
|
|
|
| LEADER |
00000cam a2200000 i 4500 |
| 001 |
1/27031 |
| 008 |
060328s1994 gre d |
| 020 |
|
|
|a 9963-8038-0-6
|
| 035 |
|
|
|l 10083308
|
| 040 |
|
|
|a GR-MY-UA
|b gre
|e aacr
|
| 041 |
0 |
|
|a gre
|
| 082 |
0 |
|
|a 889.3
|2 (22)
|
| 100 |
1 |
|
|a Πανάτος, Αντρέας.
|
| 245 |
1 |
2 |
|a Ο πόλεμος δεν τελείωσε :
|b διηγήματα /
|c Αντρέας Πανάτος
|
| 260 |
|
|
|a Λευκωσία :
|b [χ.ό],
|c 1994
|
| 300 |
|
|
|a 100 σ.;
|c 21 εκ.
|
| 650 |
0 |
0 |
|a Greek literature, Modern
|z Cyprus.
|
| 852 |
|
|
|a INST
|b SAMOS
|e 20060328
|h 889.3 ΠΑΝ
|p 005300024513
|q 005300024513
|t BK
|y 0
|
| 901 |
|
|
|a BIBL3-2006-1
|
| 909 |
|
|
|a Σ
|b 124856
|
| 970 |
|
|
|a ΚΟΣΙΕΡΗΣ
|b ΧΡΗΣΤΟΣ
|z 2006/03/28
|